000 00509nam a22001932 4500
001 0000005203
005 20170406120436.0
008 141205s xx 000 0 eng d
020 _c$
040 _aYour Holding Symbol
_cYour Holding Symbol
100 1 _aEdmond.J.B.
245 1 0 _aFundamentals of horticulture.
250 _a3rd ed.
260 _aNew york :
_bMcGraw-hill,
_c1957.
300 _a476 p. :
_bill ;
_c cm.
504 _aindex.
650 0 _ahorticulture.
908 _a141205
999 _c5006
_d5006